Sports Quiz

Random Sports or Cricket Quiz

Nations of the West Indies cricket team Quiz Stats

 Plays Quiz not verified by Sporcle

Challenge
Share
Tweet
Embed
Score 0/15 Timer 04:00
0 Plays Today
% Correct
Jamaica
96.2%
Barbados
93.6%
Trinidad and Tobago
90.3%
Guyana
84.3%
Saint Kitts and Nevis
79.2%
Saint Lucia
76.2%
Antigua and Barbuda
75.9%
Saint Vincent and the Grenadines
68%
% Correct
Dominica
64.2%
Grenada
62.2%
Montserrat
29.4%
British Virgin Islands
26.7%
Anguilla
26.1%
U.S. Virgin Islands
16.1%
Saint Martin
13.3%

You're not logged in!

Compare scores with friends on all Sporcle quizzes.
Join for Free
OR
Log In

You Might Also Like...

Show Comments

Extras

Created Sep 27, 2010SourceReportNominate
Tags:Cricket Quiz

Top Quizzes Today


Score Distribution

Your Account Isn't Verified!

In order to create a playlist on Sporcle, you need to verify the email address you used during registration. Go to your Sporcle Settings to finish the process.

Report this User

Report this user for behavior that violates our Community Guidelines.

Details: